000 00651nam a22002417a 4500
003 UA-OsUOA
001 54511
007 ta
008 20180313b un ||||| |||| 00| 0 ukr d
100 _aSkorupsky M.
090 _a82-94
942 _cBK
040 _aUA-OsUOA
_beng
_cUA-OsUOA
_dUA-OsUOA
245 _aOn Attack and in Retreat
300 _a282 p.
955 _a4
041 _aeng
080 _a82-94
260 _aOstroh
_c2016
650 7 _a82 Література. Літературознавство
_2UDC
999 _c434626
_d434626